Регионална библиотека "Любен Каравелов" - Русе

Алена книга Quenta la' Erta (Запис номер 146615)

MARC детайли
000 -Лидер
Контролно поле с фиксирана дължина 01824nam a2200373 c 4500
003 - Код на организацията, давaща контролен номер
Контролно поле BLK
005 - Дата и час на последна редакция
Контролно поле 20180422112717.0
008 - Елементи от данни с фиксирана дължина
fixed length control field 180410b bul|||||r ||||||| ||bul||
010 ## - Наследен системен номер
LC control number KNG00152810000
020 ## - Международен стандартен номер на книга ISBN
Международен стандартен номер на книга ISBN 978-954-9775-56-3
-- издат.: Химера
040 ## - Източник на каталожния запис
Идентификатор на билиотеката - собственик на записа BLK
041 ## - Код за език
Код за езика на текст/звукозапис или на отделно заглавие Български
Код за езика КДБФ Български
072 #7 - Код за тематичната категория
Код организация bullib
Код за тематична категория Н10
Текст Философия Н
080 ## - УДК
Текстов определител УДК Философски мистицизъм. Ранни езотерични школи. Кабала. Теософия. Антропософия. Суфизъм. Еклектизъм. Синкретизъм. Херметизъм. Розенкройцерство. Др. школи
УДК код - определител по УДК 141.33
УДК определител
УДК - код + определител 141.33
100 1# - Редна дума - Автор
Автор шри Махачария
Авторска отговорност първи автор
Автор - информация (биография) Шадрин, Алексей Александрович
R(LIN) 329290
139 ## - Редно поле
Редна дума Шадрин, Алексей Александрович
Авторски знак Шад - Ш 15
245 10 - Сведения за заглавието
Заглавие Алена книга Quenta la' Erta
Редно поле (дума) * Алексей Александрович Шадрин; шри Махачария.
257 ## - Страна на издаване
Страна на създаване/издаване Русия
260 ## - Област на издателските данни
-- София
Име на издателя, разпространителя и проч. Химера
Година на издаване 2010
300 ## - Физическа характеристика
Страници 132 с.
Размери/Мащаб 17 см
380 ## - Жанр
Жанр Философия
490 1# - СЕРИИ (Колекции)
Име на серия Тайната книга на Пазителите на Земята
№: серия Кн. 1
500 ## - Общи забележки
Забележка Ориг. загл. Quenta la'Erta / Шри Махачария. - Възприета форма на името на авт. - Алексей Александрович Шадрин.
650 #4 - Допълнително описание по предмет – тема
Основно описание – тема или топоним Езотеризъм
9 (RLIN) 154400
653 ## - Ключова дума – ненормативна
Ключова дума мистика
653 ## - Ключова дума – ненормативна
Ключова дума езотерика
659 ## - Тематичен бюлетин
Тематичен бюлетин Н
700 1# - Други автори (авторска отговорност)
Лично име Шадрин, Алексей Александрович
Автороска отговорност (Описва отношението между автора и произведението) *
9 (RLIN) 380117
852 ## - Местоположение
Форматна сигнатура Цб І 36244
856 4# - Електронен адрес и достъп
Електронен формат pdf - файл
Път до файла /url/
856 4# - Електронен адрес и достъп
Електронен формат pdf - файл
Път до файла /url/
942 ## - АРТИКУЛИ
Вид на библиотечния материал Книги
Скрит в OPAC Не
944 ## - СЪЗДАВАНЕ И РЕДАКЦИЯ на ЗАПИСА
Създаване/Редакция Създаване
Дата на регистрацията/редакция 05.11.2013
Статус, дата на статуса ф /
Служител, извършил регистрацията/редакцията Геновева_Генчева
944 ## - СЪЗДАВАНЕ И РЕДАКЦИЯ на ЗАПИСА
Създаване/Редакция Редакция
Дата на регистрацията/редакция 20.10.2016
Статус, дата на статуса ф /
Служител, извършил регистрацията/редакцията Людмила_Стоянова
999 ## - СИСТЕМНИ КОНТРОЛНИ НОМЕРА
Koha biblionumber 146615
Koha biblioitemnumber 146615
Наличности
Код за отписване Код за изгубен артикул Код за повреда Коз за рестрикции Код за отдаване Артикулен № Име на библиотеката - собственик Име на библиотеката, в която се намира в момента Статус (Текущо местоположение) Дата на вписване в системата Местоположение - отдел Цена в лева Инвентарен номер Систематично азбучна сигнатура Баркод Номер на екземпляра Цена в евро Служебна бележка Служебен тип на артикула Източник на класификационната схема
  Не е изгубен Не е повреден без рестрикции ползва се в читалня 244010 Регионална библиотека "Любен Каравелов" Русе Регионална библиотека "Любен Каравелов" Русе Хранилище 2013-11-06 Хранилище 6.00 120000771103 Цб І 36244 120000771103 1 3.07 Дост: Dp Вид: Д N: 40 Дата: 02.10.2012 Книги  
  Не е изгубен Не е повреден без рестрикции заемане за дома 244011 Регионална библиотека "Любен Каравелов" Русе Регионална библиотека "Любен Каравелов" Русе Заемна - подръчен фонд 2016-09-30 Заемна - подръчен фонд 6.00 120000804255 П 14/Ш 15 120000804255 2 3.07 Дост: DA Вид: А N: 34 Дата: 30.09.2016 Дата инв: 01.02.2018 Бележки инв: П2018 Книги  
  Не е изгубен Не е повреден без рестрикции заемане за дома 244012 Регионална библиотека "Любен Каравелов" Русе Регионална библиотека "Любен Каравелов" Русе Заемна - подръчен фонд 2016-09-30 Заемна - подръчен фонд 6.00 120000804256 П 14/Ш 15 120000804256 3 3.07 Дост: DA Вид: А N: 34 Дата: 30.09.2016 Дата инв: 01.02.2018 Бележки инв: П2018 Книги  
Изтеглен Не е изгубен Не е повреден без рестрикции заемане за дома 244013 Регионална библиотека "Любен Каравелов" Русе Регионална библиотека "Любен Каравелов" Русе Заемна - подръчен фонд 2016-09-30 Заемна - подръчен фонд 6.00 120000804257 П 14/Ш 15 120000804257 4 3.07 Дост: DA Вид: А N: 34 Дата: 30.09.2016 Дата инв: 01.02.2018 Бележки инв: П2018 Книги Universal Decimal Classification
  Не е изгубен Не е повреден   ползва се в читалня 732960 Регионална библиотека "Любен Каравелов" Русе Регионална библиотека "Любен Каравелов" Русе Хранилище 2019-08-23 Хранилище 6.00   Цб І 38233 120000835735   3.07   Книги Universal Decimal Classification
Vip Innovations Ltd, Rousse, Bulgaria 2025